000 00351nam a22001457a 4500
003 SGT
020 _a9780761971917
082 _a616.890072,MAR,
100 _aMARKS,DAVID,F
245 _aRESEARCH METHODS FOR CLINICAL AND HEALTH PSYCHOLOGY
250 _a1ST
260 _aNEW DELHI
_bSAGE PUBLICATIONS
_c2004
300 _a248
942 _2ddc
_cBK
_06
999 _c20947
_d20947